[Event "World Rapid 2025"]
[Site "Doha QAT"]
[Date "2025.12.28"]
[Round "13.75"]
[White "Iniyan, Pa"]
[Black "Fandi, Mazen"]
[Result "1/2-1/2"]
[WhiteTitle "GM"]
[BlackTitle "FM"]
[WhiteElo "2598"]
[BlackElo "2304"]
[WhiteFideId "25002767"]
[BlackFideId "7611625"]
[EventDate "2025.12.26"]

1. d4 c6 2. c4 d5 3. Nf3 Nf6 4. Nc3 dxc4 5. a4 Bf5 6. Nh4 Bg6 7. Nxg6 hxg6 8. e4
e6 9. Bxc4 Bb4 10. f3 Nbd7 11. Be3 Qc7 12. g3 O-O-O 13. Qe2 Qxg3+ 14. hxg3 Rxh1+
15. Qf1 Rxf1+ 16. Kxf1 c5 17. Rc1 cxd4 18. Bxd4 Kb8 19. Ne2 Rc8 20. b3 Bc5 21.
Bb2 g5 22. Rd1 Kc7 23. Kg2 g4 24. Bb5 gxf3+ 25. Kxf3 a6 26. Bxd7 Nxd7 27. Bxg7
Rg8 28. Bb2 Bd6 29. Rh1 Ne5+ 30. Kg2 Kd7 31. Bd4 Rc8 32. Bxe5 Bxe5 33. Rc1 Rg8
34. Kf3 Ke7 35. Nf4 Rd8 36. Rc5 Bb8 37. Rc4 Bd6 38. Rc3 Rh8 39. Nd3 f6 40. e5
fxe5 41. Nf2 Kd7 42. Ne4 Be7 43. Kg2 Rf8 44. Rf3 Rc8 45. g4 Rg8 46. Kg3 Kc6 47.
Rf7 Bd8 48. Kf3 b5 49. axb5+ axb5 50. Nf2 Kc5 51. Nd3+ Kd4 52. Rd7+ Kc3 53. Nc5
Bb6 54. Nxe6 e4+ 55. Kg3 e3 56. Nf4 Kxb3 57. Rb7 Bc5 58. Rxb5+ Kc4 59. Rb1 Bd6
60. Rc1+ Kb3 61. Rd1 e2 62. Re1 Rf8 63. Rxe2 Bxf4+ 64. Kf3 Kc3 65. g5 Bxg5+ 66.
Kg4 Bd2 67. Re4 Kd3 68. Ra4 Be3 69. Ra3+ Ke4 70. Ra4+ Bd4 71. Rb4 Rg8+ 72. Kh4
Kd3 73. Kh5 Be5 74. Rg4 Rf8 75. Ra4 Bd4 76. Kg4 Ke4 77. Rb4 Rg8+ 78. Kh4 Ke5 79.
Kh3 Be3 80. Rg4 Rh8+ 81. Kg3 Kf5 82. Ra4 Bb6 83. Ra6 Bc7+ 84. Kf3 Rh3+ 85. Ke2
Be5 86. Ra8 Ke4 87. Re8 Rh2+ 88. Ke1 Kd4 89. Kf1 Ra2 90. Re7 Ke4 91. Ke1 Kf5 92.
Kd1 Bf4 93. Re2 Ra3 94. Re8 Kg4 95. Kc2 Kf3 96. Kb2 Ra7 97. Kc3 Be3 98. Rf8+ Kg4
99. Rg8+ Kf5 100. Rf8+ Kg4 101. Rg8+ Kf3 102. Rf8+ Bf4 103. Re8 Rd7 104. Kc4 Kg4
105. Rf8 Be5 106. Rf1 Bf4 107. Rh1 Kf5 108. Rh5+ Ke4 109. Kc5 Rc7+ 110. Kb5 Be5
111. Kb6 Rc1 112. Rg5 Kd5 113. Kb5 Rc2 114. Rh5 Kd4 115. Rh4+ Kd5 116. Rh5 Rb2+
117. Ka5 Rb7 118. Rg5 Rc7 119. Kb5 Rc5+ 120. Kb4 Rc1 121. Kb5 Kd6 122. Rg6+ Kd7
123. Kb4 Rc3 124. Rg5 Re3 1/2-1/2

[Event "World Rapid 2025"]
[Site "Doha QAT"]
[Date "2025.12.28"]
[Round "13.76"]
[White "Gharibyan, Mamikon"]
[Black "Bortnyk, Olexandr"]
[Result "0-1"]
[WhiteTitle "GM"]
[BlackTitle "GM"]
[WhiteElo "2491"]
[BlackElo "2601"]
[WhiteFideId "13308300"]
[BlackFideId "14120828"]
[EventDate "2025.12.26"]

1. d4 Nf6 2. c4 g6 3. Nc3 Bg7 4. e4 d6 5. Nf3 O-O 6. Be2 Na6 7. O-O e5 8. Re1
Bg4 9. Be3 Bxf3 10. Bxf3 exd4 11. Bxd4 Re8 12. Qd2 c6 13. Rad1 Re6 14. g3 Qa5
15. Bg2 Rae8 16. Bh3 Qh5 17. Bxe6 Rxe6 18. f4 Nc7 19. Kg2 b5 20. cxb5 Nxb5 21.
Nxb5 Qxb5 22. e5 Nd7 23. Bf2 d5 24. Bxa7 Bf8 25. Bf2 Bb4 26. Qe2 Qb7 27. Rf1 Nf6
28. a3 Bf8 29. b4 Ne4 30. Bd4 c5 31. bxc5 Bxc5 32. Bxc5 Nxc5 33. Rb1 Qa8 34. Qf3
Ra6 35. Rfd1 Ne4 36. Qd3 d4 37. Qxd4 Nd2+ 38. Kh3 Qc8+ 39. e6 Qxe6+ 40. f5 Qxf5+
41. Qg4 Qxg4+ 42. Kxg4 Nxb1 43. Rxb1 Rxa3 44. Rb2 Kg7 45. Kf4 h5 46. Rc2 Kh6 47.
Rb2 g5+ 48. Ke4 Kg6 49. Rb6+ f6 50. Rb2 g4 51. Kf4 Rf3+ 52. Ke4 f5+ 53. Kd4 Kg5
54. Ke5 Re3+ 55. Kd4 Re4+ 56. Kd3 h4 57. Rb8 h3 58. Rg8+ Kf6 59. Rf8+ Kg6 60.
Rg8+ Kf7 61. Ra8 Re1 62. Ra2 Kf6 63. Kd4 f4 64. gxf4 Kf5 65. Ra8 Rd1+ 66. Ke3 0-1

[Event "World Rapid 2025"]
[Site "Doha QAT"]
[Date "2025.12.28"]
[Round "13.97"]
[White "Ganguly, Surya Shekhar"]
[Black "Grafl, Florian"]
[Result "1/2-1/2"]
[WhiteTitle "GM"]
[BlackTitle "IM"]
[WhiteElo "2568"]
[BlackElo "2343"]
[WhiteFideId "5002150"]
[BlackFideId "4645715"]
[EventDate "2025.12.26"]

1. Nf3 f5 2. c4 Nf6 3. g3 g6 4. Bg2 Bg7 5. O-O O-O 6. d4 d6 7. Nc3 c6 8. Rb1 a5
9. a3 Qe8 10. b4 axb4 11. axb4 e5 12. dxe5 dxe5 13. e4 f4 14. Qb3 h6 15. Ba3 g5
16. Rfe1 Qh5 17. Nxe5 Nbd7 18. g4 Nxg4 19. Nxg4 Qxg4 20. f3 Qh5 21. b5 Rxa3 22.
Qxa3 Ne5 23. Ne2 g4 24. Rf1 gxf3 25. Rxf3 Nxf3+ 26. Bxf3 Bg4 27. Rf1 cxb5 28.
cxb5 Bxf3 29. Qxf3 Qxb5 30. Nxf4 Kh7 31. Qg2 Qc6 32. Nd5 Rxf1+ 33. Qxf1 Qg6+ 34.
Qg2 Bd4+ 35. Kh1 Qxg2+ 36. Kxg2 Kg6 1/2-1/2

[Event "World Rapid 2025"]
[Site "Doha QAT"]
[Date "2025.12.28"]
[Round "13.98"]
[White "Smirnov, Mark"]
[Black "Warmerdam, Max"]
[Result "0-1"]
[WhiteTitle "FM"]
[BlackTitle "GM"]
[WhiteElo "2420"]
[BlackElo "2573"]
[WhiteFideId "13764594"]
[BlackFideId "1048104"]
[EventDate "2025.12.26"]

1. Nf3 Nf6 2. b3 d5 3. Bb2 Bf5 4. Nh4 Bd7 5. g3 Nc6 6. d4 a5 7. c4 e5 8. dxe5
Bb4+ 9. Bc3 Nxe5 10. cxd5 g5 11. Ng2 Qe7 12. Ne3 Neg4 13. Nxg4 Bxg4 14. Bg2
O-O-O 15. O-O Bxe2 16. Bxf6 Qxf6 17. Qxe2 Qxa1 18. Qb5 Rd6 19. a3 Bxa3 20. Nd2
Qa2 21. Nc4 Bb4 22. Nxd6+ Bxd6 23. Re1 Kb8 24. Bf1 f5 25. Bc4 Qa3 26. Qd7 f4 27.
Qg7 Rf8 28. Qxg5 a4 29. Qg7 fxg3 30. hxg3 axb3 31. Qc3 Bb4 32. Ra1 Bxc3 33. Rxa3
b2 34. Bd3 Bd4 35. Ra4 Rxf2 0-1

[Event "World Rapid 2025"]
[Site "Doha QAT"]
[Date "2025.12.28"]
[Round "13.99"]
[White "Abdilkhair, Abilmansur"]
[Black "Ponkratov, Pavel"]
[Result "1/2-1/2"]
[WhiteTitle "IM"]
[BlackTitle "GM"]
[WhiteElo "2378"]
[BlackElo "2587"]
[WhiteFideId "13716417"]
[BlackFideId "4157800"]
[EventDate "2025.12.26"]

1. e4 c5 2. Nf3 d6 3. d4 cxd4 4. Nxd4 Nf6 5. Nc3 a6 6. Be3 e5 7. Nf3 Be7 8. Bc4
O-O 9. O-O Nc6 10. Qd3 b5 11. Bb3 Na5 12. Bd5 Nxd5 13. Nxd5 Nc4 14. b3 Nxe3 15.
Qxe3 Be6 16. Rfd1 Rc8 17. Qa7 Bxd5 18. Rxd5 Rxc2 19. Qxa6 b4 20. Qb7 Qc7 21.
Qxb4 Qa7 22. Rd2 d5 23. Qb5 Rxd2 24. Nxd2 Qd4 25. Rd1 dxe4 26. Qc4 e3 27. fxe3
Qxe3+ 28. Kh1 h5 29. Nf3 Bf6 30. h3 Re8 31. Rd7 Re6 32. Qc8+ Kh7 33. Rxf7 Rd6
34. Qf5+ Kg8 35. Rc7 e4 36. Rc8+ Bd8 37. Ng5 Rd1+ 38. Kh2 Qg1+ 39. Kg3 Qe1+ 40.
Kh2 Qg1+ 41. Kg3 Qe1+ 42. Kf4 Qf2+ 43. Nf3 exf3 44. Qe6+ Kh7 45. Qf5+ Kg8 46.
Qe6+ Kh7 47. Qf5+ Kg8 48. Qe6+ Kh7 49. Qf5+ Kg8 1/2-1/2

[Event "World Rapid 2025"]
[Site "Doha QAT"]
[Date "2025.12.28"]
[Round "13.100"]
[White "Drygalov, Sergey"]
[Black "Gaehwiler, Gabriel"]
[Result "1-0"]
[WhiteTitle "GM"]
[BlackTitle "IM"]
[WhiteElo "2571"]
[BlackElo "2382"]
[WhiteFideId "24171743"]
[BlackFideId "1314530"]
[EventDate "2025.12.26"]

1. d4 Nf6 2. c4 e6 3. Nf3 d5 4. Nc3 Be7 5. Bf4 O-O 6. e3 c5 7. dxc5 dxc4 8. Bxc4
Bxc5 9. a3 a6 10. b4 Be7 11. Be2 b5 12. O-O Bb7 13. Ne5 Nc6 14. Bf3 Qb6 15. Nd3
Rfd8 16. Qe2 Rac8 17. Rac1 Nb8 18. Rfd1 Bxf3 19. Qxf3 Nbd7 20. e4 Qb7 21. e5
Qxf3 22. gxf3 Ne8 23. Ne4 Nc7 24. Be3 Nd5 25. Bd4 N7b6 26. Rxc8 Rxc8 27. Bxb6
Nxb6 28. Ndc5 Nd5 29. Nd6 Rc6 30. Ndb7 g6 31. Na5 Rc8 32. Nab3 Kg7 33. Rc1 Bxc5
34. Nxc5 Nb6 35. Rd1 Nd5 36. Rc1 Nb6 37. f4 Kg8 38. Kg2 Na4 39. Kf3 a5 40. Ke4
axb4 41. axb4 Nb6 42. Nd3 Nc4 43. Ra1 Nd2+ 44. Ke3 Nb3 45. Ra7 Rc4 46. Rd7 h5
47. Rd8+ Kg7 48. f3 Kh7 49. Nf2 Na1 50. Ne4 Nc2+ 51. Kf2 Nxb4 52. Ng5+ Kg7 53.
Rd7 Rc2+ 54. Kg3 h4+ 55. Kxh4 Rxh2+ 56. Kg3 Rc2 57. Nxe6+ Kg8 58. Rd8+ Kh7 59.
Ng5+ Kg7 60. Rd7 1-0

[Event "World Rapid 2025"]
[Site "Doha QAT"]
[Date "2025.12.28"]
[Round "13.101"]
[White "Saraci, Nderim"]
[Black "Wafa, Hamed"]
[Result "1-0"]
[WhiteTitle "IM"]
[BlackTitle "IM"]
[WhiteElo "2461"]
[BlackElo "2373"]
[WhiteFideId "6351921"]
[BlackFideId "10628452"]
[EventDate "2025.12.26"]

1. d4 Nf6 2. Nf3 c5 3. c4 cxd4 4. Nxd4 e5 5. Nb5 d5 6. cxd5 Bc5 7. N5c3 O-O 8.
e3 e4 9. Be2 Nbd7 10. Nd2 Re8 11. Qc2 Qe7 12. O-O b6 13. Rd1 Bb7 14. Nf1 Rac8
15. Ng3 Qe5 16. Bb5 Bd6 17. Bxd7 Nxd7 18. Qxe4 Qf6 19. Qf3 Qxf3 20. gxf3 Ne5 21.
Kg2 Bb4 22. Nge2 Ba6 23. a3 Bd6 24. Nd4 Ng6 25. f4 Bb7 26. Nf5 Bb8 27. Kg3 Rcd8
28. e4 h5 29. f3 Bc8 30. Nh4 Nf8 31. Kf2 f6 32. f5 Nd7 33. Ng6 Nc5 34. Bf4 Ba6
35. Bxb8 Rxb8 36. Nf4 Rbc8 37. Rab1 Kf7 38. Rg1 Bd3 39. Rbd1 Bc2 40. Rd2 Bb3 41.
Ne6 Rg8 42. Nxc5 Rxc5 43. Ne2 Rgc8 44. Nd4 Ba4 45. Ne6 Rc2 46. Rxg7+ Ke8 47.
Rxc2 Rxc2+ 48. Ke3 Rxb2 49. d6 1-0

[Event "World Rapid 2025"]
[Site "Doha QAT"]
[Date "2025.12.28"]
[Round "13.102"]
[White "Xiao, Tong(QD)"]
[Black "Dau Khuong Duy"]
[Result "1/2-1/2"]
[WhiteTitle "GM"]
[BlackTitle "IM"]
[WhiteElo "2555"]
[BlackElo "2489"]
[WhiteFideId "8622388"]
[BlackFideId "12424722"]
[EventDate "2025.12.26"]

1. Nf3 Nf6 2. d4 g6 3. c4 Bg7 4. g3 O-O 5. Bg2 d6 6. O-O c6 7. b3 Bf5 8. Bb2
Nbd7 9. Nh4 Be4 10. Nf3 Bf5 11. Nfd2 d5 12. Nc3 Nb6 13. a4 a5 14. Re1 Re8 15. h3
Be6 16. cxd5 Nfxd5 17. Nce4 Nb4 18. Nf3 Bd5 19. Nc5 Bxf3 20. Bxf3 Nd7 21. Nd3
Nxd3 22. Qxd3 e5 23. Rad1 exd4 24. Bxd4 Ne5 25. Bxe5 Bxe5 26. Kg2 1/2-1/2

[Event "World Rapid 2025"]
[Site "Doha QAT"]
[Date "2025.12.28"]
[Round "13.103"]
[White "Averin, Nikolay"]
[Black "Gokerkan, Cem Kaan"]
[Result "1/2-1/2"]
[WhiteTitle "FM"]
[BlackTitle "GM"]
[WhiteElo "2389"]
[BlackElo "2510"]
[WhiteFideId "24250473"]
[BlackFideId "6336760"]
[EventDate "2025.12.26"]

1. g3 d5 2. Nf3 g6 3. Bg2 Bg7 4. O-O e5 5. d3 Ne7 6. e4 O-O 7. Re1 dxe4 8. dxe4
Qxd1 9. Rxd1 Nbc6 10. c3 f6 11. Na3 Be6 12. Be3 a6 13. Bf1 Rfd8 14. Bc4 Kf7 15.
Kf1 Bf8 16. Ke2 b5 17. Bxe6+ Kxe6 18. Nc2 Rxd1 19. Rxd1 Rd8 20. Rxd8 Nxd8 21.
Bc5 Nb7 22. Bxe7 Bxe7 23. Nfe1 Nc5 24. Nb4 Nxe4 25. Nxa6 Bd6 26. Nd3 f5 27. f4
exf4 28. Nxf4+ Ke7 29. Nb4 g5 30. Nfd3 Kd7 31. Nc2 c5 32. Ne3 Ke6 33. c4 f4 34.
gxf4 gxf4 35. Ng2 f3+ 36. Kxf3 Nd2+ 37. Ke2 Nxc4 38. h3 Nb6 39. b3 Nd5 40. Kf3
Nc3 41. a3 Nb1 42. a4 c4 43. Ndf4+ Kd7 44. axb5 cxb3 45. Nd3 Nc3 46. b6 Kc6 47.
Ne3 Na4 48. Nc4 Bc5 49. Na5+ Kxb6 50. Nxb3 Be7 51. Kg4 Nc3 52. Kf5 Ne2 53. Ke6
Bd8 54. Nd2 Ng1 55. Nf4 Bg5 56. Nd5+ Kb7 57. Ne4 Nxh3 58. Kf5 Bc1 59. Kg4 Ng5
60. Nxg5 Bxg5 61. Kxg5 h6+ 62. Kxh6 1/2-1/2

[Event "World Rapid 2025"]
[Site "Doha QAT"]
[Date "2025.12.28"]
[Round "13.104"]
[White "Sankalp, Gupta"]
[Black "Sharan, Rao"]
[Result "1-0"]
[WhiteTitle "GM"]
[BlackTitle "IM"]
[WhiteElo "2557"]
[BlackElo "2341"]
[WhiteFideId "5097010"]
[BlackFideId "5073464"]
[EventDate "2025.12.26"]

1. e4 e6 2. d4 d5 3. e5 c5 4. c3 Nc6 5. Nf3 Qb6 6. a3 c4 7. Nbd2 Na5 8. h4 Bd7
9. Rb1 Ne7 10. b4 cxb3 11. Nxb3 Ba4 12. Nfd2 Qc7 13. Rh3 Nc8 14. h5 h6 15. Qg4
Nxb3 16. Nxb3 Nb6 17. Qf4 Be7 18. Nc5 Bxc5 19. dxc5 Qxc5 20. Rg3 Rf8 21. Be2 g5
22. Qf6 d4 23. Qxh6 O-O-O 24. Bxg5 dxc3 25. Bxd8 c2 26. Rc1 Rxd8 27. Qe3 Qd5 28.
Qc3+ Kb8 29. Rd3 Rc8 30. Qxc8+ Kxc8 31. Rxd5 Nxd5 32. h6 Nf4 33. h7 Ng6 34. Bd3 1-0

[Event "World Rapid 2025"]
[Site "Doha QAT"]
[Date "2025.12.28"]
[Round "13.105"]
[White "Naiditsch, Arkadij"]
[Black "Aziz, Husain"]
[Result "1-0"]
[WhiteTitle "GM"]
[BlackTitle "IM"]
[WhiteElo "2574"]
[BlackElo "2256"]
[WhiteFideId "4650891"]
[BlackFideId "12100293"]
[EventDate "2025.12.26"]

1. e4 e5 2. Nf3 Nc6 3. Bb5 Nf6 4. Qe2 d6 5. c3 Bd7 6. d4 g6 7. Bg5 h6 8. Bxf6
Qxf6 9. d5 Nb8 10. Bxd7+ Nxd7 11. Qb5 Rb8 12. Nbd2 h5 13. Qa5 Qd8 14. Qxa7 Nc5
15. Qa5 Nd3+ 16. Ke2 Nf4+ 17. Kf1 Qd7 18. Qa7 Rd8 19. Qxb7 Qg4 20. Qb5+ Ke7 21.
g3 Nh3 22. Qe2 Bh6 23. Nc4 Ra8 24. Ng1 Qd7 25. Kg2 Ng5 26. h4 Nh7 27. Nh3 Rhb8
28. b4 Nf6 29. Na5 Rb6 30. a4 Kf8 31. Ng5 Kg7 32. Nc6 Rxc6 33. dxc6 Qxc6 34. Qb5
Qxc3 35. Rac1 Qb2 36. Rb1 Qa2 37. Ra1 Qb2 38. Rhb1 Qd4 39. Rd1 Qb2 40. Qc4 Bxg5
41. Ra2 1-0

[Event "World Rapid 2025"]
[Site "Doha QAT"]
[Date "2025.12.28"]
[Round "13.106"]
[White "Volokitin, Andrei"]
[Black "Nurgaliyev, Sauat"]
[Result "1-0"]
[WhiteTitle "GM"]
[BlackTitle "IM"]
[WhiteElo "2619"]
[BlackElo "2437"]
[WhiteFideId "14107090"]
[BlackFideId "13726285"]
[EventDate "2025.12.26"]

1. e4 c5 2. Nf3 d6 3. Nc3 Nf6 4. d4 cxd4 5. Nxd4 a6 6. Be3 e5 7. Nb3 Be6 8. Qd2
Be7 9. f3 h5 10. Nd5 Nxd5 11. exd5 Bf5 12. Be2 a5 13. a4 Nd7 14. O-O O-O 15. f4
exf4 16. Bxf4 Bg6 17. Bb5 Ne5 18. Rae1 Rc8 19. c3 Bh4 20. Rxe5 dxe5 21. Bxe5 Bg5
22. Qd4 f6 23. Bg3 Bf7 24. c4 Qe7 25. Bf2 Rfd8 26. h4 Bh6 27. Nxa5 Be8 28. c5
Bxb5 29. axb5 Qd7 30. b6 Qf5 31. Nxb7 Rxd5 32. Nd6 Qe6 33. Qxd5 Qxd5 34. Nxc8
Kf8 35. Re1 Bf4 36. Ne7 Qd3 37. c6 Qc2 38. Nd5 Bd6 39. c7 Qc6 40. Be3 1-0

[Event "World Rapid 2025"]
[Site "Doha QAT"]
[Date "2025.12.28"]
[Round "13.107"]
[White "Murshed, Niaz"]
[Black "Cunha, Lucas Aguiar"]
[Result "0-1"]
[WhiteTitle "GM"]
[BlackTitle "FM"]
[WhiteElo "2341"]
[BlackElo "2263"]
[WhiteFideId "10200010"]
[BlackFideId "2125404"]
[EventDate "2025.12.26"]

1. d4 Nf6 2. c4 e6 3. Nf3 b6 4. g3 Ba6 5. Qb3 Nc6 6. Nbd2 Na5 7. Qc2 c5 8. dxc5
Bxc5 9. Bg2 Rc8 10. Ne5 O-O 11. b3 d5 12. Bb2 Bd6 13. O-O dxc4 14. bxc4 Bxe5 15.
Bxe5 Bxc4 16. Qb2 Bxe2 17. Ne4 Bxf1 18. Bxf6 gxf6 19. Nxf6+ Kh8 20. Bxf1 Nc4 21.
Bxc4 Rxc4 22. Nd7+ f6 23. Nxf8 Qxf8 24. Rd1 Qe7 25. Qd2 Kg7 26. Qe2 b5 27. Qf3
e5 28. Qf5 Rc7 29. Qg4+ Kh8 30. h4 e4 31. Qf4 Rc5 32. Qb8+ Kg7 33. Rd8 e3 34.
Re8 exf2+ 35. Kxf2 Rc2+ 36. Kf3 Qf7 37. Re4 Rc3+ 38. Kg2 Qd7 39. Re2 Rc1 40. Kh2
Qc7 41. Qxb5 Rc3 42. Rg2 Rc4 43. Qh5 Qe5 44. Qxe5 fxe5 45. Rb2 Ra4 46. Kg2 Kg6
47. Kf3 Kf5 48. Rc2 Ra3+ 49. Kf2 Kg4 50. Rc4+ Kh3 51. Rc7 h5 52. Re7 Rxa2+ 53.
Ke3 Kxg3 54. Rxe5 Ra3+ 55. Ke2 Kxh4 56. Kf2 Kg4 57. Kg2 Ra2+ 58. Kg1 a5 59. Re8
a4 60. Rg8+ Kh3 61. Rc8 Rg2+ 62. Kh1 a3 63. Rc5 a2 0-1

[Event "World Rapid 2025"]
[Site "Doha QAT"]
[Date "2025.12.28"]
[Round "13.108"]
[White "Altini, Nicola"]
[Black "George Samir, David"]
[Result "1-0"]
[WhiteTitle "IM"]
[BlackTitle "IM"]
[WhiteElo "2360"]
[BlackElo "2343"]
[WhiteFideId "833924"]
[BlackFideId "10657789"]
[EventDate "2025.12.26"]

1. e4 c5 2. Nf3 d6 3. d4 cxd4 4. Nxd4 Nf6 5. Nc3 a6 6. h3 e5 7. Nb3 Be7 8. g4 h6
9. Rg1 Be6 10. h4 d5 11. exd5 Nxd5 12. Nxd5 Qxd5 13. Be3 Nc6 14. Bg2 Qxd1+ 15.
Rxd1 O-O 16. Bxc6 bxc6 17. g5 h5 18. Bc5 Bxc5 19. Nxc5 Bd5 20. Rg3 f5 21. g6 Rf6
22. Nd7 Rd6 23. Nc5 Rf6 24. Rd2 e4 25. Rg5 f4 26. Rd4 e3 27. c4 Bf3 28. Nd7 c5
29. Nxf6+ gxf6 30. Rxc5 Kg7 31. Rxf4 exf2+ 32. Kxf2 Bg4 33. Rc6 f5 34. Rd4 Re8
35. Rd7+ Kg8 36. Rf7 f4 37. Rxf4 Re2+ 38. Kg1 Rxb2 39. Rxa6 Rc2 40. Ra7 Rc1+ 41.
Kf2 Rc3 42. g7 Rc2+ 43. Ke3 Re2+ 44. Kd4 Re8 45. Rf8+ 1-0

[Event "World Rapid 2025"]
[Site "Doha QAT"]
[Date "2025.12.28"]
[Round "13.77"]
[White "Chekh Adm Khedr, Aram"]
[Black "Stefansson, Vignir Vatnar"]
[Result "1-0"]
[WhiteTitle "FM"]
[BlackTitle "GM"]
[WhiteElo "2139"]
[BlackElo "2519"]
[WhiteFideId "7601948"]
[BlackFideId "2308649"]
[EventDate "2025.12.26"]

1. e4 d6 2. d4 Nf6 3. Nc3 e5 4. Nf3 Nbd7 5. Bc4 Be7 6. O-O c6 7. dxe5 dxe5 8. a4
a5 9. Qe2 h6 10. Nh4 Nb6 11. Bb3 O-O 12. Ng6 Re8 13. Nxe5 Be6 14. Bxe6 fxe6 15.
Be3 Qc7 16. Ng6 Bb4 17. Na2 Nxa4 18. Nxb4 axb4 19. Bf4 Qb6 20. Be5 Nd7 21. Bf4
Nxb2 22. Rxa8 Rxa8 23. Qg4 Kf7 24. Ne5+ Nxe5 25. Bxe5 Nc4 26. Qxg7+ Ke8 27. Bf6 1-0

[Event "World Rapid 2025"]
[Site "Doha QAT"]
[Date "2025.12.28"]
[Round "13.78"]
[White "Ashwath Kaushik"]
[Black "Tsaruk, Maksim"]
[Result "0-1"]
[WhiteTitle "FM"]
[BlackTitle "GM"]
[WhiteElo "2345"]
[BlackElo "2515"]
[WhiteFideId "33387230"]
[BlackFideId "13511173"]
[EventDate "2025.12.26"]

1. d4 Nf6 2. Nf3 d6 3. c4 g6 4. Nc3 Bg7 5. e3 O-O 6. Be2 Nc6 7. d5 Nb8 8. e4 e5
9. h3 a5 10. Be3 Na6 11. Qd2 Nc5 12. Bxc5 dxc5 13. Nxe5 Nxe4 14. Nxe4 Bxe5 15.
Nxc5 Qh4 16. Nd3 Bg7 17. Qf4 Qxf4 18. Nxf4 Bxb2 19. Rb1 Bc3+ 20. Kd1 Bd4 21. Nd3
b6 22. f3 Bf5 23. g4 Bd7 24. Kd2 Rfe8 25. Rhe1 Re3 26. Bd1 Rae8 27. Rxe3 Rxe3
28. c5 bxc5 29. Rc1 Re8 30. Rc4 Bb5 31. Rc2 c4 32. Nc1 c3+ 33. Rxc3 Bxc3+ 34.
Kxc3 Re1 35. Kd2 Rh1 36. Nb3 Bc4 37. Nxa5 Bxa2 38. Bb3 Bxb3 39. Nxb3 Rxh3 40.
Ke3 Rh2 41. Nd4 Kf8 42. Nb5 Ke7 43. Nxc7 Kd6 44. Ne8+ Kxd5 45. Nf6+ Ke6 46. Ne4
h6 47. Kf4 Rg2 48. Nc5+ Kd5 49. Ne4 Rc2 50. Nf6+ Ke6 51. Ng8 h5 52. gxh5 gxh5
53. Nh6 Rc5 54. Kg3 Kf6 55. Ng8+ Kg7 56. Ne7 Kf8 0-1

[Event "World Rapid 2025"]
[Site "Doha QAT"]
[Date "2025.12.28"]
[Round "13.79"]
[White "Balakrishnan, Praveen"]
[Black "Tissir, Mohamed"]
[Result "1-0"]
[WhiteTitle "GM"]
[BlackTitle "IM"]
[WhiteElo "2507"]
[BlackElo "2293"]
[WhiteFideId "2064871"]
[BlackFideId "9000240"]
[EventDate "2025.12.26"]

1. e4 c5 2. Nf3 d6 3. d4 cxd4 4. Nxd4 Nf6 5. Nc3 a6 6. f3 e6 7. g4 b5 8. g5 Nfd7
9. a3 Bb7 10. h4 Be7 11. f4 Nc6 12. Be3 Rc8 13. Nxc6 Bxc6 14. h5 h6 15. g6 f5
16. Bg2 O-O 17. Qe2 fxe4 18. Nxe4 Nf6 19. Nxf6+ Bxf6 20. O-O-O Bxg2 21. Qxg2 Qc7
22. Bd4 Bxd4 23. Rxd4 e5 24. fxe5 dxe5 25. Rd2 Qc4 26. Kb1 e4 27. Re1 e3 28.
Rde2 Qc5 29. Rxe3 Qxh5 30. Re7 Qf5 31. R7e5 Qd7 32. Qe4 Rc4 33. Qe2 Rc6 34. Qe4
Rc4 35. Qg2 Qc6 36. Qg3 Rxc2 37. Qb3+ Rc4 38. Re6 Qd5 39. Ka2 Qb7 40. R1e4 Qc8
41. Re7 Qc6 42. R4e6 Qc8 43. Qe3 Rg4 44. Rxg7+ Kxg7 45. Qa7+ 1-0

[Event "World Rapid 2025"]
[Site "Doha QAT"]
[Date "2025.12.28"]
[Round "13.80"]
[White "Kuandykuly, Danis"]
[Black "Ohanyan, Emin"]
[Result "0-1"]
[WhiteTitle "FM"]
[BlackTitle "GM"]
[WhiteElo "2372"]
[BlackElo "2493"]
[WhiteFideId "13752260"]
[BlackFideId "13312022"]
[EventDate "2025.12.26"]

1. e4 c5 2. Nf3 e6 3. d4 cxd4 4. Nxd4 Nf6 5. Nc3 Nc6 6. a3 Bc5 7. Nxc6 dxc6 8.
Qxd8+ Kxd8 9. Bf4 Ke7 10. f3 Nd7 11. Na4 Bd6 12. Bxd6+ Kxd6 13. Rd1+ Ke7 14. Nc3
b5 15. a4 b4 16. Nb1 Nc5 17. b3 e5 18. Bc4 Be6 19. Nd2 Rhd8 20. Bxe6 Nxe6 21.
Kf2 Nd4 22. Nc4 Ke6 23. Rd2 h5 24. h4 g6 25. Rhd1 c5 26. Rd3 Rd7 27. c3 bxc3 28.
Rxc3 Rc8 29. Na5 f5 30. Rdc1 fxe4 31. fxe4 Rf7+ 32. Ke3 Rf4 33. Rxc5 Rxc5 34.
Rxc5 Rxh4 35. Nc4 Nxb3 36. Rxe5+ Kf6 37. Rb5 Rg4 38. Ne5 Rxg2 39. Nf3 Nc1 40.
Rd5 g5 41. Rf5+ Kg6 42. Ne5+ Kg7 43. Rf7+ Kg8 44. Rc7 Nb3 45. Rc3 Rg3+ 46. Nf3
g4 47. Rc8+ Kf7 48. Rc7+ Ke6 49. Rxa7 Rxf3+ 50. Ke2 Nd4+ 51. Ke1 h4 52. Rh7 g3
53. Rh6+ Rf6 54. Rxf6+ Kxf6 55. a5 h3 56. Kf1 g2+ 57. Kf2 Nf3 0-1

[Event "World Rapid 2025"]
[Site "Doha QAT"]
[Date "2025.12.28"]
[Round "13.81"]
[White "Tran, Thanh Tu"]
[Black "Rami, Talab"]
[Result "0-1"]
[WhiteTitle "IM"]
[WhiteElo "2402"]
[BlackElo "2173"]
[WhiteFideId "12401404"]
[BlackFideId "7609787"]
[EventDate "2025.12.26"]

1. d4 d5 2. Nf3 Nf6 3. c3 Bf5 4. Qb3 Qc8 5. c4 e6 6. Nc3 c6 7. Bg5 Nbd7 8. cxd5
exd5 9. Rc1 Qb8 10. e3 Bd6 11. Bh4 O-O 12. Be2 Ne4 13. Nxe4 Bxe4 14. Bg3 Bxg3
15. hxg3 Qd6 16. Nd2 b6 17. Nxe4 dxe4 18. Qc2 Qb4+ 19. Kf1 Nf6 20. g4 Rae8 21.
g5 Nd5 22. Rh4 Qa5 23. a3 Ne7 24. Rg4 Ng6 25. Qxc6 Qf5 26. Qb5 Qe6 27. Kg1 Rc8
28. Rc4 Ne7 29. b3 Nd5 30. Qa6 Rxc4 31. bxc4 Nc3 32. c5 Kh8 33. Rh4 Qg6 34. cxb6
axb6 35. Bf1 Qxg5 36. Rf4 f5 37. Qxb6 Nd5 38. Qd6 Qf6 39. Qxd5 g5 40. a4 gxf4
41. exf4 Rd8 42. Qe5 Kg7 43. Qc7+ Kh6 44. Qe5 Kg7 45. a5 Rxd4 46. Qc7+ Qf7 47.
Qc3 Qf6 48. a6 Rd1 49. Qg3+ Qg6 50. Qb3 Ra1 51. Qb7+ Qf7 52. Qc6 Qe7 53. Qb5 Qf6
54. g3 e3 55. fxe3 Ra2 56. Qb7+ Kh6 57. Qb5 Qg6 58. Be2 Qxg3+ 59. Kf1 Ra1+ 0-1

[Event "World Rapid 2025"]
[Site "Doha QAT"]
[Date "2025.12.28"]
[Round "13.82"]
[White "Suleymenov, Alisher"]
[Black "Muntean, Victor"]
[Result "1-0"]
[WhiteTitle "GM"]
[WhiteElo "2505"]
[BlackElo "2169"]
[WhiteFideId "13707833"]
[BlackFideId "1054414"]
[EventDate "2025.12.26"]

1. d4 Nf6 2. c4 d6 3. Nf3 Nbd7 4. Nc3 e5 5. e4 Be7 6. Be2 O-O 7. O-O c6 8. Re1
exd4 9. Nxd4 Nc5 10. Bf1 d5 11. exd5 cxd5 12. Nxd5 Nxd5 13. cxd5 Bf6 14. Nb5 a6
15. Nc3 b5 16. Be3 Bxc3 17. bxc3 Na4 18. Qd4 Bb7 19. c4 Qd7 20. d6 Rac8 21. cxb5
axb5 22. Rac1 h6 23. Qe5 Rxc1 24. Rxc1 Bc6 25. Qg3 Kh8 26. Bd4 f6 27. Bd3 Kg8
28. Re1 Re8 29. Rxe8+ Qxe8 30. Bxf6 Qe1+ 31. Bf1 g5 32. h4 Nc5 33. Bc3 Qc1 34.
Qe5 1-0